Music Quiz

Random Music or Song Quiz

Figure Out the Lyrics (Beatles 7) Quiz Stats

 Plays Quiz Updated Oct 28, 2018

Score 0/171 Timer 10:00
9 Plays Today
% Correct
I
97.3%
I
97.3%
I
97.3%
I
97.3%
I
97.3%
I
97.3%
I
97.3%
a
95.3%
a
95.3%
a
95.3%
a
95.3%
a
95.3%
a
95.3%
a
95.3%
a
95.3%
a
95.3%
a
95.3%
a
95.3%
a
95.3%
a
95.3%
a
95.3%
a
95.3%
a
95.3%
you
90.3%
you
90.3%
you
90.3%
you
90.3%
you
90.3%
you
90.3%
you
90.3%
you
90.3%
the
88.6%
the
88.6%
the
88.6%
he
82.6%
to
81.2%
to
81.2%
to
81.2%
to
81.2%
to
81.2%
be
79.7%
be
79.7%
be
79.7%
be
79.7%
be
79.7%
me
77.3%
and
73.2%
and
73.2%
and
73.2%
and
73.2%
It
68.8%
It
68.8%
it
68.8%
it
68.8%
it
68.8%
it
68.8%
it
68.8%
% Correct
want
66.3%
want
66.3%
want
66.3%
can
65.7%
can
65.7%
can
65.7%
can
65.7%
in
65.5%
is
65.2%
on
62.3%
so
58.4%
my
56.8%
if
55.7%
If
55.7%
If
55.7%
will
55.5%
Will
55.5%
for
54.9%
for
54.9%
man
53.8%
man
53.8%
of
52.6%
have
51.1%
take
46.8%
take
46.8%
or
42.1%
or
42.1%
or
42.1%
like
41.7%
like
41.7%
need
38.9%
need
38.9%
but
37.9%
but
37.9%
could
37.3%
his
37%
His
37%
It's
35.7%
It's
35.7%
It's
35.7%
It's
35.7%
look?
35.4%
by
34.5%
give
34.1%
make
33.8%
make
33.8%
paperback
31.4%
Paperback
31.4%
Paperback
31.4%
paperback
31.4%
paperback
31.4%
Paperback
31.4%
Paperback
31.4%
paperback
31.4%
Paperback
31.4%
Paperback
31.4%
writer
31.3%
% Correct
writer
31.3%
writer
31.3%
writer
31.3%
writer
31.3%
writer
31.3%
writer
31.3%
writer
31.3%
writer
31.3%
writer
31.3%
here
30.7%
write
30.2%
two
29.9%
read
28.1%
book?
27.9%
took
27.7%
wants
27%
story
25.2%
I'll
25.2%
years
25%
son
24.6%
wife
23.9%
more
23.2%
job
22.9%
job
22.9%
doesn't
22.7%
week
22.3%
named
21.8%
understand
21.8%
really
21.3%
Dear
21.1%
novel
20.7%
dirty
20.4%
dirty
20.4%
based
19.8%
Sir
19.7%
Madam
19.2%
Lear
19%
few
18.8%
'round
17.7%
change
17.4%
break
17.4%
Daily
17.1%
million
17.1%
working
17%
pages
16.9%
Mail
16.8%
must
16.3%
thousand
16.3%
steady
16.3%
clinging
16.3%
rights
15.7%
writing
15.6%
overnight
15.3%
longer
15.3%
style
14.5%
send
13.9%
return
10.2%

You're not logged in!

Compare scores with friends on all Sporcle quizzes.
OR
Log In

Sporcle TV

Today on Sporcle TV


Watch our educational content, quiz creation guides, and fun videos on Sporcle TV.

Show Comments

Extras

Top Quizzes Today


Score Distribution

Your Account Isn't Verified!

In order to create a playlist on Sporcle, you need to verify the email address you used during registration. Go to your Sporcle Settings to finish the process.

Report this User

Report this user for behavior that violates our Community Guidelines.

Details: